Normal view
MARC view
- Umair Liaqat (00000278036)
Entry Personal Name
001 - CONTROL NUMBER
- control field: 116744
003 - CONTROL NUMBER IDENTIFIER
- control field: NUST
005 - DATE AND TIME OF LATEST TRANSACTION
- control field: 20230912170034.0
008 - FIXED-LENGTH DATA ELEMENTS
- fixed length control field: 230912|| aca||aabn | a|a d
040 ## - CATALOGING SOURCE
- Original cataloging agency: NUST
- Transcribing agency: NUST
100 ## - HEADING--PERSONAL NAME
- Personal name: Umair Liaqat (00000278036)
670 ## - SOURCE DATA FOUND
- Source citation: Work cat.: (NUST): Umair Liaqat (00000278036), Clustering Based Energy Management of Smart Buildings /, 2022
